[Event "RUS-ch 57th"]
[Site "Moscow"]
[Date "2004.11.27"]
[Round "11"]
[White "Svidler, Peter"]
[Black "Dreev, Alexey"]
[Result "1-0"]
[WhiteElo "2735"]
[BlackElo "2698"]
[Annotator "Ftacnik,L"]
[PlyCount "73"]
[EventDate "2004.11.15"]
[EventType "tourn"]
[EventRounds "11"]
[EventCountry "RUS"]
[EventCategory "18"]
[SourceTitle "CBM 104"]
[Source "ChessBase"]
[SourceDate "2005.01.27"]
[SourceVersion "1"]
[SourceVersionDate "2005.01.27"]
[SourceQuality "1"]

1. e4 c5 2. Nf3 d6 3. d4 Nf6 4. Nc3 cxd4 5. Nxd4 Nc6 6. Bg5 Bd7 7. Qd2 Rc8 8.
Nxc6 Bxc6 9. f3 a6 10. O-O-O e6 11. Ne2 {Svidler likes to manoeuvre with the
knights in the center against Sicilian Defence.} Be7 12. h4 (12. Nd4 Bd7 (12...
Nxe4 13. Bxe7 Nxd2 14. Bxd8 Nxf1 15. Bb6 Ne3 16. Nxc6 Nxd1 17. Na7 $14) 13. Bd3
) 12... Bb5 (12... h6 13. Be3 Qc7 14. Nd4 Bd7 15. g4 $13) 13. Nd4 Bxf1 14.
Rhxf1 h6 (14... O-O 15. Kb1 Qc7 $11) 15. Be3 Nd7 16. h5 {Dreev could have felt
at home after this move, in his beloved Caro Kann such fixation of the
kingside is quite common.} (16. g3 Ne5 17. Qe2 (17. b3 Qc7 18. Kb1 O-O $11)
17... Nc4 18. f4 $11) 16... Ne5 17. b3 d5 18. exd5 (18. Ne2 Qc7 19. Bf4 Bf6
$132) 18... Qxd5 19. Kb1 b5 {Black has equalised the game and the last move
even indicates ambitions to limit his opponent.} (19... Nc6 20. c4 Qd6 $11) 20.
g4 Nc6 21. Qc1 O-O (21... Nxd4 22. Bxd4 e5 23. Bb2 Qc5 24. f4 $14) 22. Nf5 $1
Qe5 23. Bf4 (23. Bd4 Nxd4 24. Nxe7+ Kh7 25. Nxc8 Ne2 26. Rde1 Rxc8 27. f4 Nc3+
28. Ka1 Qd4 29. Qb2 b4 $14) 23... Qc3 (23... Qf6 $5 24. Nxe7+ Nxe7 25. g5 Qf5
26. gxh6 Nd5 27. Rxd5 (27. hxg7 Nc3+ 28. Kb2 Rfe8 29. Rde1 Nxa2 30. Qd2 Red8
31. Qh2 Nb4 32. Rc1 Nxc2 $13) 27... exd5 28. Rg1 Rfe8 29. Qd2 f6 30. Rxg7+ Kh8
31. Qg2 $14) 24. Rd3 Qa5 {The dance of the Black Queen is over, but from the
square a5 she can not contribute to the defence of her own king.} (24... Qc5
25. Nd6 (25. Nxe7+ Nxe7 26. Bd6 Qa7 27. g5 Rfd8 28. gxh6 Nf5 29. Qg5 Kh7 $11)
25... Nb4 26. Nxc8 Rxc8 27. Rd2 Bf6 28. c4 bxc4 29. Qxc4 Qxc4 30. bxc4 Rxc4 31.
Bd6 Nd5 $11) 25. Nxe7+ Nxe7 26. g5 Nd5 $2 {[%mdl 128] Black's defensive
possibilities are surprisingly promising, but Dreev's move is spoiling it. It
was necessary to swap on g5 in order to slow down White's advance.} (26... hxg5
27. Bxg5 (27. Bd6 Nd5 (27... Rfd8 28. Qxg5 Nf5 29. h6 f6 30. Qg2 Qb6 31. Rfd1
Nxh6 $13) 28. Qxg5 Nc3+ 29. Kc1 Qxa2 30. h6 Qxc2+ 31. Kxc2 Ne4+ 32. Kb2 Nxg5
33. Rg1 gxh6 34. f4 Rfd8 35. fxg5 h5 36. Rgg3 $11) 27... Nd5 28. Bd2 b4 29. h6
$14) 27. Bd2 Nc3+ (27... b4 28. gxh6 g6 29. hxg6 fxg6 30. Qe1 $18) 28. Rxc3
Rxc3 29. gxh6 b4 (29... Rd8 30. Bxc3 Qxc3 31. hxg7 $18) 30. hxg7 Rd8 31. Bxc3
bxc3 32. h6 {Svidler has won two pawn and they are very close to the promotion
squares. Black can only hope, that his c3 pawn will make the opponent's task
more difficult.} Qe5 (32... Kh7 33. Qe3 Qh5 34. Qxc3 $18) (32... Qd5 33. Rh1
Kh7 34. Qe3 $18) 33. Rd1 Rxd1 34. Qxd1 Qf6 (34... Qg5 35. Qh1 Kh7 36. a4 $18)
35. Qh1 Kh7 (35... Qd8 36. b4 Kh7 37. Qg1 Qg8 38. a4 $18) 36. Qg1 Qd8 37. g8=Q+
$1 {The transfer to the pawn ending is an elegant solution. White will get the
new queen and a point in the tournament crosstable.} (37. g8=Q+ $1 Qxg8 38.
Qxg8+ Kxg8 39. b4 Kh7 40. a4 Kxh6 41. b5 $18) 1-0

[Event "RUS-ch 57th"]
[Site "Moscow"]
[Date "2004.11.17"]
[Round "3"]
[White "Svidler, Peter"]
[Black "Timofeev, Artyom"]
[Result "0-1"]
[WhiteElo "2735"]
[BlackElo "2611"]
[Annotator "Rogozenco,D"]
[PlyCount "126"]
[EventDate "2004.11.15"]
[EventType "tourn"]
[EventRounds "11"]
[EventCountry "RUS"]
[EventCategory "18"]
[SourceTitle "CBM 104"]
[Source "ChessBase"]
[SourceDate "2005.01.27"]
[SourceVersion "1"]
[SourceVersionDate "2005.01.27"]
[SourceQuality "1"]

1. e4 c5 2. Nf3 Nc6 3. d4 cxd4 4. Nxd4 Nf6 5. Nc3 e5 6. Ndb5 d6 7. Nd5 {
A somewhat surprising choice from Kramnik's second. Peter has never played
this move before. Possibly his choice is also based on the fact that St.
Petersburg Grandmaster has never won a single tournament game against
Sveshnikov Sicilian (according to MEGA 2005 database) and he just wanted to
try new type of positions. However, it will turn out that this was an
unispired decision.} Nxd5 8. exd5 Nb8 {The most popular move, traditionally
considered the best by the theory. But these days E.Sveshnikov himself
considers the alternative 8...Ne7 to be at least not worse.} 9. c4 a6 10. Nc3
Be7 11. Bd3 O-O 12. O-O f5 13. f3 Bg5 14. Kh1 Nd7 15. b4 a5 (15... b6 {is a
reasonable alternative (without taking on c1 first).}) 16. a3 axb4 17. Bxg5
Qxg5 18. axb4 Rxa1 19. Qxa1 Qe3 20. Be2 {This variation gained some popularity
after Leko's win against Krasenkow in 2002. Later black players found ways to
achieve the draw in a slightly worse endgame. Kramnik himself played such an
endgame in 2003 versus Leko and achieved an easy draw. My impression is that
the value of 20.Be2 was overestimated, partially because both Leko and
Krasenkow considered it to be a very strong move.} Nb8 {Filippov's
continuation is more ambitious than 20...b5.} (20... e4 21. Qc1 $1 $14 {
/+/- 1-0 Leko,P-Krasenkow,M/Essen 2002 (41)}) ({Svidler must have found an
improvement somwhere after 20...b5. Here is the game between Leko and Kramnik
in this variation:} 20... b5 21. Qc1 Qxc1 22. Rxc1 bxc4 23. Nb5 Bb7 24. Nxd6
Bxd5 25. Bxc4 Bxc4 26. Rxc4 e4 27. fxe4 fxe4 28. Kg1 e3 29. Re4 Nf6 30. Rxe3
Rd8 31. Re6 Rb8 32. Re7 Rxb4 {1/2-1/2 Leko,P-Kramnik,V/Monte Carlo 2003}) 21.
Qb2 $146 {This novelty hardly changes anything. White is unable to make
progress on the queenside anyway. Svidler soon reaches a very similar position
from Belozerov-Filippov, with an additional possibility to play Nc3-d1 at some
point, but as the game proved, that was a very doubtful achievement.} (21. Qc1
Qb6 22. Qa3 (22. Nb5 Na6 23. Nxd6 Qxd6 24. c5 Qd8 25. Qc3 Qh4 26. f4 exf4 27.
b5 Qe7 $19 {0-1 Salgado Lopez,I-Khairullin,I/Heraklio 2004 (43)}) 22... Na6 23.
Rb1 Qf2 24. Qb2 Bd7 {Compare this position to the one after move 22...Bd7 from
the main game.} 25. Bf1 (25. Nd1 $4 Qe1+) 25... Qd4 $15 {0-1 Belozerov,
A-Filippov,V/Tomsk 2004 (35)}) 21... Na6 22. Rb1 (22. Ra1 Bd7 23. Nd1 Qd4 (
23... Qb6 24. b5 Nc5 {is also completely okay for Black.}) 24. Qxd4 exd4 25. b5
Nc5 26. Kg1 Re8 27. Kf2 $13) (22. c5 $2 {just loses a pawn:} dxc5 23. Bxa6 bxa6
24. bxc5 Qxc5 $19) 22... Bd7 {In Belozerov-Filippov black queen was on f2 and
White could not play Nd1 because of the mate on e1.} 23. Nd1 Qd4 ({I don't see
any clear advantages of having the knight on d1 after, say} 23... Qb6) 24. Qxd4
exd4 25. Kg1 ({No time for} 25. c5 {due to} Re8 $19 ({but not} 25... dxc5 $2
26. Bxa6 bxa6 27. bxc5 $36)) 25... Rb8 $1 {An amazing prophylactic move
against the advance c4-c5. At the same time Black wants to play ...b5.} (25...
Re8 26. Kf2 (26. Kf1)) (25... Rc8 26. Nf2 $13) (25... Kf7 $6 26. c5 dxc5 27.
Bxa6 bxa6 28. bxc5 $16) 26. b5 (26. Nf2 b5 27. cxb5 Bxb5 28. Bd3 g6 $15 (28...
Bxd3 29. Nxd3 Rb5 30. Rc1 $13 Kf7)) (26. c5 $2 dxc5 27. Bxa6 bxa6 $19 {and the
b-pawn is pinned.}) 26... Nc5 $15 27. Nf2 {Svidler wants to attack the pawn d4,
but Black has a very nice idea to counter that.} (27. Ra1 $142 {at least
preventing Black from taking control of the a-file.}) 27... Ra8 $1 28. Rd1 Ra4
$1 29. Nh3 (29. Rxd4 Bxb5 $17) 29... h6 $1 {White has troubles to find any
good moves.} (29... d3 30. Bxd3 Nxd3 31. Rxd3 Rxc4 32. b6 Rb4 33. Rc3 $132) 30.
Rxd4 (30. Nf4 g5 $17) 30... Bxb5 31. g4 {This looks like a sort of desperation.
Black has considerable positional advantage thanks to his better pieces.} Bd7
$17 32. Rd2 (32. Nf2 b5 {is no fun either.}) 32... fxg4 33. fxg4 Nb3 34. Rb2
Nd4 35. Bf1 (35. Bd1 Ra1 36. Nf2 Ba4 37. Kg2 Bxd1 38. Rd2 Bf3+ 39. Kg3 Rg1+ 40.
Kf4 Bxg4 $17) 35... Bxg4 36. Nf2 Bf3 37. Nh3 Bg4 38. Nf2 Bf3 39. Nh3 g5 $17 {
/-+} 40. Kf2 Bg4 41. Ke3 Nf5+ 42. Kd2 Ra1 43. Bg2 Rd1+ 44. Kc3 Rc1+ 45. Kd3 Re1
46. Nf2 Re3+ 47. Kd2 Re2+ 48. Kc3 Rxb2 49. Kxb2 Ne3 50. Kc3 Bf5 ({also
possible is} 50... Bd7 {or 50...Bc8.}) 51. Be4 Bd7 (51... Kf7 $5) (51... Bxe4
52. Nxe4 Nf5 53. c5 dxc5 54. Kc4 Kf7 55. Kxc5 $132) 52. Kd4 Nf5+ 53. Bxf5 Bxf5
54. c5 dxc5+ 55. Kxc5 Kf7 56. Kb6 (56. Kd6 h5 57. Kc7 b5 58. d6 b4 59. Ne4 g4
60. Ng3 Be6 61. Ne4 Kf8 $19) 56... Ke7 57. Kc7 (57. Kxb7 Kd6 $19) 57... b5 $19
58. d6+ Ke8 59. Nd3 (59. Ne4 b4 60. Nf6+ Kf7 61. Ne4 b3 62. d7 Bxd7 63. Kxd7 b2
64. Nc3 g4 65. Kd6 Kf6 (65... h5 $4 66. Ke5 h4 67. Kf4 g3 68. hxg3 h3 69. Kf3
$11) 66. Kd5 Kf5 67. Kd4 Kf4 68. Kd3 Kf3 69. Kd2 h5 70. Ke1 Kg2 $19) 59... h5
60. Ne1 g4 61. Ng2 b4 62. Ne3 Be6 63. Nc2 h4 0-1

[Event "RUS-ch 57th"]
[Site "Moscow"]
[Date "2004.11.16"]
[Round "2"]
[White "Timofeev, Artyom"]
[Black "Tseshkovsky, Vitaly"]
[Result "1/2-1/2"]
[WhiteElo "2611"]
[BlackElo "2577"]
[Annotator "Erenburg,S"]
[PlyCount "87"]
[EventDate "2004.11.15"]
[EventType "tourn"]
[EventRounds "11"]
[EventCountry "RUS"]
[EventCategory "18"]
[SourceTitle "CBM 104"]
[Source "ChessBase"]
[SourceDate "2005.01.27"]
[SourceVersion "1"]
[SourceVersionDate "2005.01.27"]
[SourceQuality "1"]

1. e4 d6 2. d4 Nf6 3. Nc3 g6 4. Be3 a6 $5 5. a4 {preventing from black b7-b5.
Other possibilities are:} (5. Nf3 Bg7 (5... b5 6. e5 $16) 6. Qd2 O-O (6... b5
7. Bh6 Bxh6 8. Qxh6 b4 9. Nd5 $16) 7. Bh6 Bg4 8. O-O-O Bxf3 9. gxf3 Nbd7 10.
Bxg7 Kxg7 11. f4 $14 {[%csl Gd4,Ge4,Gf4,Rg7] 0-1 Adams,M-Svidler,P/Groningen
1995/CBM 51/[Svidler] (43)}) (5. h3 $5 b5 6. e5 Nfd7 7. Qf3 Nb6 8. a4 bxa4 9.
Bd3 Bg7 10. Nxa4 N8d7 11. e6 fxe6 12. Nxb6 Nxb6 13. h4 e5 14. h5 exd4 15. Bd2
Bf5 16. Ra5 Bxd3 17. Qxd3 Qd7 18. Ne2 Qe6 19. Rh4 Rf8 20. b3 Nd7 21. Re4 $13 {
Markovic,M-Bogdanovski,V/YUG-chT/1994/}) (5. Qd2 b5 6. f3 Nbd7 7. a4 b4 8. Nce2
c5 9. dxc5 dxc5 10. e5 Nxe5 11. Qxd8+ Kxd8 12. O-O-O+ Ke8 13. Bxc5 b3 $1 $15 {
0-1 Zeller,F-Haskamp,S/Germany 2001/CBM 87/[Wells] (39)}) 5... Bg7 (5... b6 6.
Nf3 Bb7 7. d5 Bg7 8. Bc4 O-O 9. O-O Nbd7 10. Nd4 Ne5 11. Be2 c5 12. Nb3 Qd7 13.
h3 Qc7 14. f4 Ned7 15. Bc4 Nh5 16. Qf3 f5 17. exf5 Rxf5 18. g4 $1 Ne5 19. fxe5
$1 Rxf3 20. Rxf3 Bxe5 21. gxh5 $16 {Ravi,T-Sahu,S/Calcutta op/1993/}) 6. Qd2
O-O (6... Nc6 7. Nf3 Bg4 (7... Ng4 8. Bg5 f6 9. Bh4 e5 10. d5 Ne7 $2 11. h3 Nh6
12. Bxf6) 8. Be2 O-O 9. O-O Re8 10. d5 Bxf3 11. Bxf3 Ne5 12. Be2 $13) 7. Nf3
Nc6 {Black continues to prepare the attack on white's center with all his
forces.} ({Black equalized after} 7... e5 8. dxe5 dxe5 9. Qxd8 Rxd8 10. Bc4 Nc6
11. O-O h6 12. h3 Ne8 13. Rfd1 Nd4 14. Bxd4 exd4 15. Nd5 Be6 16. Bb3 Kf8 $11 {
1-0 Lautier,J-Tkachiev,V/Bordeaux 2000/CBM 77 (54)}) 8. h3 {preparing from
black to develop the light-squared bishop to g4. White tried also} (8. Be2 {
1/2-1/2 Atalik,S-Benjamin,J/San Francisco 1998/CBM 66/[Yudasin,L] (41)}) 8...
e5 9. d5 Ne7 {Now black has to create some counterpay on one of the flangs-
either on the queenside with b7-b5, c7-c6 or on the kingside with f7-f5.} 10.
Bc4 $146 {strengthening the control over the central light squares. According
to my database, this position appeared for the first time. In the previous
game white continued} (10. g4 c6 11. g5 Nh5 12. dxc6 Nxc6 13. O-O-O Be6 14.
Qxd6 Nd4 15. Qb4 b5 16. Nxd4 exd4 17. a5 Rc8 18. Bxd4 Bxd4 19. Rxd4 Qxg5+ 20.
Kb1 Rfd8 $44 {0-1 Moroz,A-Rakhmangulov,A/Alushta 1999/EXT 2001 (34)}) 10... Bd7
{threatening with b7-b5.} 11. a5 Bb5 $1 {solving the problem of light-squared
bishop.} 12. Bxb5 (12. Nxb5 axb5 (12... Nxe4 13. Qb4 axb5 14. Qxb5 c6 15. dxc6
bxc6 16. Qa4 d5 17. Bd3 Nd6 $17) 13. Bd3 c6 (13... Nexd5 14. exd5 e4 15. Be2
exf3 16. Bxf3 Nd7 17. Qb4 Ne5 18. Be2 $14) 14. dxc6 bxc6 15. O-O d5 16. Bc5
dxe4 17. Bxe4 Nxe4 18. Qxd8 Rfxd8 19. Bxe7 Rd7 $15) 12... axb5 13. b4 {
preventing black's b5-b4.} c5 $1 {Black uses his development advantage, and
opens up the game.} 14. dxc6 bxc6 15. O-O d5 $11 {In my opinion, black has
succeeded to solve the opening problems. Now white doesn't have a space
advantage, as well as black doesn't have pawn weaknesses.} 16. Bb6 (16. Bc5
Nxe4 (16... d4 {is met by} 17. Nxe5) 17. Nxe4 dxe4 18. Qxd8 Rfxd8 19. Bxe7 Rd7
$11) 16... Qb8 17. Bc5 Re8 ({Worse is} 17... dxe4 18. Bxe7 exf3 19. Bxf8 $14)
18. exd5 (18. Bxe7 Rxe7 19. exd5 Rd7 $11) (18. Rfe1 d4 {with following Nd7.})
18... Nexd5 19. Ra3 {moving away the rook from the long diagonal.} Qb7 ({
Comes to consideration:} 19... Nxc3 20. Qxc3 Ne4 21. Qe3 Nxc5 22. Qxc5 e4 23.
Nd4 Ra6 24. c3 Qd8 $15) 20. Re1 Nd7 $1 {Black's position is awesome from a
strategical point of view, thanks to the excelent position of his knight in
the centre.} (20... e4 21. Nxd5 Nxd5 22. Nd4 $13) 21. Ne4 (21. Be3 e4 22. Nxd5
exf3 $15) 21... Red8 22. Nd6 Qb8 23. Ng5 {White has to create some concrete
threats, otherwise his position is worse.} (23. c4 $2 bxc4 24. Nxc4 Nxc5 25.
bxc5 e4 $17) 23... Nxc5 $6 (23... f6 $1 {looks strange, but, probably, this
move was the best!} 24. Nge4 (24. Ne6 $2 Nxc5 25. bxc5 Rxd6 26. cxd6 Qxd6 $19 {
[%cal Yd6a3,Gd6e6]}) 24... f5 25. Ng5 Bh6 $15) (23... Bh6 $2 24. Ndxf7 $16) 24.
bxc5 Ra7 25. Rf3 $6 ({Probably, white should have played} 25. c4 {, equalizing
the game.} bxc4 26. Nxc4 Qb5 27. Nxe5 Qxc5 $11) 25... Rdd7 26. a6 b4 $1 {
preventing the breakthrough c2-c4.} ({Worse is} 26... f5 27. Ne6 Bf6 28. Rb3 $1
{[%cal Yc2c4]} Rxd6 29. cxd6 Qxd6 30. c4 Qxe6 31. cxd5 cxd5 32. Rxb5 Rxa6 33.
Rxd5 $14) 27. Qd3 {activating the queen.} (27. Rxf7 Rxf7 28. Ngxf7 Rxf7 29.
Nxf7 Kxf7 30. Qe2 Qa7 31. Qc4 Bf8 $17) 27... f5 $2 {missing white's tactical
resources.} (27... Qa8 $5 $15 {Better was}) 28. Qc4 $2 {overlooking a much
more attractive option:} (28. Nxf5 $1 gxf5 29. Qxf5 Bf6 (29... Bh6 30. Qe6+ Kg7
31. Ne4 Bf4 32. g3 $16) (29... Bf8 30. Rxe5 Re7 31. Rxe7 Rxe7 32. Rg3 $40) 30.
Qe6+ (30. Ne4 Bg7 (30... Rf7 31. Qe6 $44) 31. Ng5 $11) 30... Kg7 31. Ne4 Qd8
32. Rg3+ (32. Qxc6 Qe7 33. Nd6 Qe6 34. Nf5+ Kf7 35. Qxe6+ Kxe6 36. Nd4+ Kf7 37.
Nc6 Ke6 38. Nd4+ $11) 32... Kh8 33. Nxf6 Nxf6 34. Rxe5 Rf7 35. Qxc6 $16) 28...
e4 {Black has succeeded to neutralize white's threats on the kingside,
therefore, he gets an obvious advantage.} 29. Rfe3 Bf8 $1 {The most logical
decision. Black eliminates white's dangerous knight on d6.} (29... h6 30. Ngxe4
fxe4 31. Rxe4 Kh7 32. Re8 Rd8 33. R1e6 $44) 30. f3 {trying to activate the
heavy pieces.} Bxd6 31. cxd6 Qb5 $1 {forcing white to change the queens.} 32.
Qxb5 (32. Qb3 $2 Rxa6 $19 {[%cal Ya6a3]}) 32... cxb5 $17 {Black is going to
get a material advantage.} 33. Rb3 e3 34. Rd3 Rxd6 35. Ne4 $1 fxe4 $2 {
throwing away his advantage.} ({Much stronger was} 35... Rdxa6 $1 36. Rxd5 Ra1
$1 37. Kf1 (37. Rdd1 Rxd1 38. Rxd1 fxe4 39. fxe4 Ra2 40. Re1 e2 $17) 37... fxe4
38. fxe4 Rf7+ 39. Ke2 Rxe1+ 40. Kxe1 Rf2 41. Rxb5 Rxc2 42. Rxb4 Rxg2 43. h4 Rh2
$17 44. e5 Kf7 $17) 36. fxe4 Raxa6 37. exd5 Ra2 38. Re2 $11 {Now white
equalizes the game, taking the e3 pawn with the king.} Kg7 39. Kh2 h5 40. Kg3
Ra3 41. Rexe3 Rxd5 42. Rxa3 bxa3 43. Rxa3 Rc5 44. Rb3 1/2-1/2